| 000 | 01128nam a2200253 a 4500 | ||
|---|---|---|---|
| 003 | BD-DhJNU | ||
| 005 | 20260104045708.0 | ||
| 008 | 251108s2021 bg |||g |||| 000 1|ben|d | ||
| 020 | _a9847015803690 | ||
| 040 |
_aBD-DhJNU _bben _cBD-DhJNU _dBD-DhJNU |
||
| 041 | _aben | ||
| 082 |
_a891.44309 TAB _223 |
||
| 100 | _aতালুকদার, উপল | ||
| 242 | 1 | 0 |
_aHistory of Bengali literature: Bangladesh Era 1947–2020 / _cUpal Talukder |
| 245 | 1 | 0 |
_aবাংলা সাহিত্যর ইতিহাস বাংলাদেশ যুগ ( ১৯৪৭-২০২০) / _cউপল তালুকদার |
| 246 | _aBangla sahityer itihas : Bangladesh jug (1947-2020) | ||
| 250 | _a1st ed. | ||
| 260 |
_aঢাকা : _bবুকস ফেয়ার, _c2021. |
||
| 300 |
_a৫২৮ পৃ. : _bচিত্র ; _c২২ সেমি.। |
||
| 504 | _aগ্রন্থপঞ্জিগত নির্দেশিকা ও নিঘন্ট অন্তভূক্ত | ||
| 650 | _aবাংলা সাহিত্য-ইতিহাস | ||
| 650 | _aLiterary history | ||
| 942 | _cBK | ||
| 999 |
_c2482 _d2482 |
||